Los guaitequeros: Personajes folklóricos de Chiloé

-д хадгалсан:
Номзүйн дэлгэрэнгүй
Үндсэн зохиолч: Cárdenas Tabies, Antonio (Зохиогч)
Формат: Ном
Хэл сонгох:испани
Хэвлэсэн: Rancagua Brecha 1971
Хэвлэл:1a. ed
Нөхцлүүд:
Шошгууд: Шошго нэмэх
Шошго байхгүй, Энэхүү баримтыг шошголох эхний хүн болох!

MARC

LEADER 00000nam a2200000 a 4500
001 UCJ4286
003 CL-VaPUC
008 070124e19710000CL |||||||||||||||||spa|d
082 0 4 |a 918.3  |b CAR  |2 21 
100 0 |a Cárdenas Tabies, Antonio  |e author  |9 507666 
245 1 4 |a Los guaitequeros: Personajes folklóricos de Chiloé 
250 |a 1a. ed 
300 |a 61 p 
942 |c BK 
945 |d 20070124 00:00:00  |a rinostro 
260 |a Rancagua  |b Brecha  |c 1971 
500 |a Incluye un breve glosario de expresiones típicas de Chiloé 
650 7 |a FOLKLORE  |2 CL-VaPUC  |9 268291 
650 0 |a Cultura  |9 269059 
650 7 |a TIPOS HUMANOS  |2 CL-VaPUC  |9 504574 
650 0 |a Glosario   |9 373597 
651 0 |a Chiloé  |9 265209 
583 |a last modification  |c 20070124 00:00:00  |k Rodrigo Vera 
999 |c 320403  |d 320401 
952 |0 0  |1 0  |4 0  |6 918_300000000000000_CAR_1971  |7 0  |8 X  |9 398918  |a FDOBUD  |b FDOBUD  |d 2019-11-22  |i 1016326  |o 918.3 CAR 1971  |p 1016326  |r 2019-11-22  |w 2019-11-22  |y BK_X  |k BUD